<?xml version="1.0" encoding="UTF-8"?>
<record
    xmlns:xsi="http://www.w3.org/2001/XMLSchema-instance"
    xsi:schemaLocation="http://www.loc.gov/MARC21/slim http://www.loc.gov/standards/marcxml/schema/MARC21slim.xsd"
    xmlns="http://www.loc.gov/MARC21/slim">

  <leader>03397nam a2200289 a 4500</leader>
  <controlfield tag="003">OSt</controlfield>
  <controlfield tag="005">20240905143548.0</controlfield>
  <controlfield tag="007">cr ||||||a|c|a</controlfield>
  <controlfield tag="008">240201s2022    mx a|||fom||| 001 0 spa d</controlfield>
  <datafield tag="040" ind1=" " ind2=" ">
    <subfield code="e">rda</subfield>
  </datafield>
  <datafield tag="100" ind1="1" ind2=" ">
    <subfield code="9">188636</subfield>
    <subfield code="a">Castro P&#xE9;rez, Zyanya Jazm&#xED;n</subfield>
  </datafield>
  <datafield tag="245" ind1="1" ind2="0">
    <subfield code="a">Monitoreo de la cepa atoxig&#xE9;nica Aspergillus flavus AF36 en suelos con producci&#xF3;n de ma&#xED;z (Zea mays L.) en Tamaulipas y Campeche /</subfield>
    <subfield code="c">por Zyanya Jazm&#xED;n Castro P&#xE9;rez ; director de tesis Santos Gerardo Leyva Mir.</subfield>
  </datafield>
  <datafield tag="264" ind1=" " ind2="1">
    <subfield code="a">Chapingo, M&#xE9;xico :</subfield>
    <subfield code="b">El autor,</subfield>
    <subfield code="c">2022.</subfield>
  </datafield>
  <datafield tag="300" ind1=" " ind2=" ">
    <subfield code="a">1 recurso en l&#xED;nea (62 p&#xE1;ginas):</subfield>
    <subfield code="b">figuras, cuadros.</subfield>
  </datafield>
  <datafield tag="336" ind1=" " ind2=" ">
    <subfield code="2">rdacontent</subfield>
    <subfield code="a">texto</subfield>
    <subfield code="b">txt</subfield>
  </datafield>
  <datafield tag="337" ind1=" " ind2=" ">
    <subfield code="2">rdamedia</subfield>
    <subfield code="a">computadora</subfield>
    <subfield code="b">c</subfield>
  </datafield>
  <datafield tag="338" ind1=" " ind2=" ">
    <subfield code="2">rdacarrier</subfield>
    <subfield code="a">recurso en l&#xED;nea</subfield>
    <subfield code="b">cr</subfield>
  </datafield>
  <datafield tag="502" ind1=" " ind2=" ">
    <subfield code="b">IAEPA</subfield>
    <subfield code="c">Parasitolog&#xED;a</subfield>
    <subfield code="d">2022.</subfield>
    <subfield code="g">LIC</subfield>
  </datafield>
  <datafield tag="504" ind1=" " ind2=" ">
    <subfield code="a">Incluye referencias bibliogr&#xE1;ficas: p&#xE1;ginas 35-43.</subfield>
  </datafield>
  <datafield tag="520" ind1=" " ind2=" ">
    <subfield code="a">En M&#xE9;xico, el ma&#xED;z es la base fundamental de la alimentaci&#xF3;n, con un consumo promedio per c&#xE1;pita de 196.4 kg. anualmente. Uno de los problemas de enfermedades bi&#xF3;ticas m&#xE1;s comunes en la producci&#xF3;n de este cultivo es la pudrici&#xF3;n de mazorca, causada por diferentes especies de los hongos del g&#xE9;nero Aspergillus, Fusarium, Penicillium y Stenocarpella que producen micotoxinas, que son metabolitos secundarios t&#xF3;xicos para la salud humana y animal. La principal micotoxina que se puede encontrar en el ma&#xED;z es la aflatoxina B1 producida por Aspergillus flavus (Eurotiales: Trichocomaceae). AF36 bajo el nombre comercial &#x201C;Prevail&#x201D; es un producto de control biol&#xF3;gico, que consiste en semilla de sorgo esterilizado y recubierto por esporas de una cepa no productora de aflatoxinas del mismo hongo A. flavus. Se esparce en el campo y una vez que el hongo germina, se propaga con ayuda del viento e insectos, compitiendo con cepas nativas de A. flavus productoras de aflatoxinas que se encuentran naturalmente en el suelo y restos vegetales. La cepa AF36 tiene una mutaci&#xF3;n en el gen complementario aflC, lo que resulta la incapacidad de producir aflatoxinas. La aplicaci&#xF3;n del biocontrol con cepas atoxig&#xE9;nica se usa comercialmente con &#xE9;xito en varias partes del mundo para mitigar las aflatoxinas en varios cultivos de importancia en el mundo. En este estudio adaptamos un protocolo de reacci&#xF3;n en cadena de la polimerasa, (PCR) en tiempo real para identificar la cepa atoxig&#xE9;nica AF36 provenientes de colectas de suelo a diferentes distancias y ubicaciones en dos campos de M&#xE9;xico tratados previamente con este producto de control biol&#xF3;gico. Adicionalmente, se evaluaron las distancias hasta las cuales se dispers&#xF3; el AF36. Dicho protocolo de PCR y la informaci&#xF3;n de dispersi&#xF3;n colectada ser&#xE1;n la base para estudios subsecuentes y servir&#xE1;n para hacer un mapeo en el pa&#xED;s y confirmar la presencia de la cepa AF36 y otras cepas del mismo grupo de compatibilidad vegetativa (YV36) en suelos mexicanos, as&#xED; como su adaptaci&#xF3;n para identificar nuevas cepas atoxig&#xE9;nicas nativas por regi&#xF3;n agr&#xED;cola.</subfield>
  </datafield>
  <datafield tag="650" ind1=" " ind2="4">
    <subfield code="9">70941</subfield>
    <subfield code="a">Ma&#xED;z</subfield>
    <subfield code="x">Enfermedades por hongos</subfield>
  </datafield>
  <datafield tag="650" ind1=" " ind2="4">
    <subfield code="9">188637</subfield>
    <subfield code="a">Aspergillus flavus</subfield>
    <subfield code="x">Control biol&#xF3;gico</subfield>
  </datafield>
  <datafield tag="650" ind1=" " ind2="4">
    <subfield code="9">188638</subfield>
    <subfield code="a">Aflatoxinas</subfield>
    <subfield code="x">An&#xE1;lisis</subfield>
  </datafield>
  <datafield tag="700" ind1="1" ind2=" ">
    <subfield code="a">Leyva Mir, Santos Gerardo</subfield>
    <subfield code="e">Director de tesis.</subfield>
    <subfield code="9">66581</subfield>
  </datafield>
  <datafield tag="856" ind1=" " ind2=" ">
    <subfield code="u">http://10.13.5.2/tesis/tm/1710400-2_Castro_Perez_ZYANYA_Jazmin.pdf</subfield>
    <subfield code="z">DESCARGAR PDF</subfield>
  </datafield>
  <datafield tag="942" ind1=" " ind2=" ">
    <subfield code="2">Clasificaci&#xF3;n Universidad Aut&#xF3;noma Chapingo</subfield>
    <subfield code="c">TD</subfield>
  </datafield>
  <datafield tag="999" ind1=" " ind2=" ">
    <subfield code="c">219624</subfield>
    <subfield code="d">219624</subfield>
  </datafield>
  <datafield tag="952" ind1=" " ind2=" ">
    <subfield code="0">0</subfield>
    <subfield code="1">0</subfield>
    <subfield code="2">local</subfield>
    <subfield code="4">0</subfield>
    <subfield code="5">1</subfield>
    <subfield code="7">0</subfield>
    <subfield code="8">TesDigL</subfield>
    <subfield code="a">BD</subfield>
    <subfield code="b">BD</subfield>
    <subfield code="c">E_L</subfield>
    <subfield code="d">2024-02-01</subfield>
    <subfield code="l">0</subfield>
    <subfield code="o">Tesis digital</subfield>
    <subfield code="r">2024-02-01 00:00:00</subfield>
    <subfield code="w">2024-02-01</subfield>
    <subfield code="y">TD</subfield>
  </datafield>
</record>
